000 00784nam a2200217 a 4500
001 BRCA_2249
005 20190320203730.0
008 001023s1999 sp-a---###---#000-0#spa-#
020 _a8445324713
040 _aDLC
_cDLC
050 4 _aBL2560
_b.S268 1999
245 1 0 _aSantiago
_bla esperanza.
260 _aXunta de Galicia
_bConsellería de Cultura, Comunicación Social e Turismo
_c1999
300 _a671 p.
_bil. a color
_c26 cm.
500 _aTítulo en el lomo : Santiago, Gelmírez
500 _aCatálogo de la exposición realizada en el Palacio de Gelmírez (Santiago de Compostela), 27 mayo - 31 diciembre, 1999
650 1 4 _aSantos
_vExposiciones
_xCulto
_96750
650 1 4 _aCulto
_vExposiciones
_xHistoria
_96751
653 0 _aSantiago, el Mayor, Santo
942 _2lcc
_cB
999 _c1998
_d1998